| 000 | 00580cam a2200193 a 4500 | ||
|---|---|---|---|
| 999 |
_c124709 _d124709 |
||
| 001 | 2369351 | ||
| 005 | 20211116120000.0 | ||
| 008 | 840920s1985 nyu b 001 0 eng | ||
| 020 | _a9788131244272 (pbk.) | ||
| 040 | _cPK-LaUMT | ||
| 082 | 0 | 0 |
_a616.9041 _bNAG-M |
| 100 | 1 | _aNagoba, B S | |
| 245 | 1 | 0 |
_aMedical microbiology and parasitology : _bprep manual for undergraduates / _cby B S Nagoba and Asha Pichare |
| 260 |
_aHaryana : _bElsevier, _c2016 |
||
| 300 |
_a736 p. ; _c24 cm. |
||
| 650 | _aCommunicable disease-Medicine | ||
| 650 | _aContagious Medicine | ||
| 942 | _cBK | ||